00538nam a22001577a 4500003000400000005001700004008004100021020001500062040002900077050002500106100004100131245006800172260009000240300001000330650004000340OSt20241008103517.0241008b |||||||| |||| 00| 0 eng d a9231032089 cChuka University Library aP 94.5b.W65G35 1995 aGallagher, Margaret and My Von Euler aAn unfinished story: Gender patterns in media employment No.110 aParis, FrancebUnited Nations Educational, Scientific and Cultural Organizationc1995 a120p. a1. Women in the mass media industry